Consolaciones

Gardado en:
Detalles Bibliográficos
Autor Principal: Séneca, Lucio Anneo
Formato: Libro
Idioma:Undetermined
Publicado: México, Distrito Federal Universidad Autonoma 1948
Materias:
Etiquetas: Engadir etiqueta
Sen Etiquetas, Sexa o primeiro en etiquetar este rexistro!

MARC

LEADER 00000nam a2200000Ia 4500
008 170316s9999 xx 000 0 und d
090 |a 100 S-36co 
100 |a Séneca, Lucio Anneo 
245 |a Consolaciones 
260 |a México, Distrito Federal 
260 |b Universidad Autonoma 
260 |c 1948 
300 |a 301 páginas 
650 |a FILOSOFÍA ANTIGUA 
999 |c 17625  |d 17625 
040 |a cru BVZT 
942 |c 15 D  |h 100 S-36co  |2 z